| 000 | 01042nam a2200265 i 4500 | ||
|---|---|---|---|
| 001 | bg | ||
| 100 | 1 | _aŚCIBOR, Tadeusz. | |
| 245 | 1 | 0 |
_aPrawno-ekonomiczne zagadnienia ochrony środowiska. _nT. 2, _pWzory decyzji administracyjnych / _cTadeusz Ścibor ; Politechnika Lubelska. |
| 260 |
_aLublin : _bWydaw. Uczelniane PL, _c1996. |
||
| 300 |
_a117 s. ; _c24 cm. |
||
| 500 | _aU góry okł. nazwa przedmiotu : Inżynieria środowiska. | ||
| 504 | _aBibliogr. s. 113-117, źródła prawa ochrony środowiska s. 101-112. | ||
| 650 | 9 |
_aDecyzje _xgospodarka _xzagadnienia _zPolska _yod 1989 r. |
|
| 650 | 9 |
_aŚrodowisko człowieka _xhigiena i ochrona _xprawo _zPolska _ystan na 1996 r. |
|
| 650 | 9 |
_aŚrodowisko człowieka _xhigiena i ochrona _xprawo _zPolska _ystan na 1996 r. |
|
| 655 | _aPodręczniki akademickie | ||
| 655 | _aTablice i wzory | ||
| 020 | _a8386333596 (t. 2) | ||
| 040 | _cBPK | ||
| 041 | 0 | _apl | |
| 080 | _a349.6(438)(075.8) | ||
| 920 | _a83-86333-59-6 (t. 2) | ||
| 942 | _cKS | ||
| 008 | s pl f |000 0 pol | ||
| 999 |
_c31590 _d31590 |
||
| 856 |
_uhttp://koha.tu.koszalin.pl/cgi-bin/koha/opac-detail.pl?biblionumber=31590 _yKatalog online BPK |
||